000 00520nam a2200157 i 4500
001 31047
003 ES-MaACL
005 20230906154311.0
007 t|
008 030128s1947 sp ||||1| spa d
100 1 _aBellón Gómez, Ildefonso.
_927267
245 1 0 _aRégimen legal de arrendamientos urbanos
_b: estudio de la Ley de bases de... 1946 /
_cIldefonso Bellón Gómez.
260 _aMadrid :
_bEditora Nacional,
_c1947 (
_fE. Sánchez Leal)
300 _a543 p. ;
_c22 cm.
852 _aES-MaACL
_jC-4771
_bR.25145
999 _c31047
_d31047